000 01127nam a22003017a 4500
001 7578
003 FISKH
005 20250812142655.0
008 250724b cb ||||| |||| 00| 0 eng d
020 _a9781590140406
040 _aFISKH
_beng
_cFISKH
_dFISKH
050 _aPZ7.D7227 R
082 _a641.8653
100 _aDonovan, Gail
245 _aRainbow fish & friends :
_bReady, set, swim! /
_cText by Gail Donovan ; Illustrations by David Austin Clar Studio
250 _aThis edition first published in 2002
260 _aNew York :
_bNight Sky,
_c2002
300 _a15 unnumbered pages :
_bcolor illustrations ;
_c21 cm
505 _aG
520 _aThings start out fine when Rainbow Fish and his friends organize an impromptu sports day, but Spike is a sore loser, Puffer is a poor winner, and no one has any fun until Dyna finds a solution.
521 8 _a400 estimated
_bLexile
521 8 _aG
_bRaz-Plus
650 _2Rainbow Fish
_aEasy Don
650 _2Good Sportmanship
_aExpressing your feelings
700 _aStudio, Clar Austin David
_dillustrator
942 _2ddc
_cBK
_n0
999 _c7578
_d7578